Officium majoris hebdomadae et octavae paschatis juxta ordinem breviarii et missalis romani ad normam.

Detalles Bibliográficos
Formato: Libro
Publicado: Malinas 1897
Materias:
Colección:Banco de datos
Acervo:Biblioteca del Convento de San Pablo. Yuririahupándaro. Guanajuato
Tema general:Liturgia
Notas:Buena. Ex libris de la Librería Religiosa. 2Ñ4, 12.
LEADER 00685nam a22001810004500
035 |a 37238 
036 |a 2879 
245 1 0 |a Officium majoris hebdomadae et octavae paschatis juxta ordinem breviarii et missalis romani ad normam. 
260 |a Malinas  |b H. Dessain imp.  |c 1897 
500 |a Buena. Ex libris de la Librería Religiosa. 2Ñ4, 12. 
650 1 0 |a Liturgia 
949 |a CRG-CY 
959 |a Ex convento de San Pablo, Museo Regional de Yuririahpúndaro, Guanajuato  |b CCC9 
960 |a Convento San Pablo Yuririahpúndaro, Guanajuato  |b DD86 
961 |a Agustina  |b OA 
942 |c CRG-CY 
943 |g Biblioteca del Convento de San Pablo. Yuririahupándaro. Guanajuato 
999 |c 957904  |d 957904